| 000 | 01092cam a22003017a 4500 | ||
|---|---|---|---|
| 005 | 20220329141130.0 | ||
| 008 | 971010s1989 r 00010 d | ||
| 010 | _a63112 | ||
| 011 | _a64084 | ||
| 035 | _a69188 | ||
| 090 | _aTesis | ||
| 100 | 0 | 0 |
_aMaldonado Torres, Ranferi. _970137 |
| 245 | 0 | _aEfecto de un cultivo intercalado y poda sobre la composición mineral de las hojas de arboles de ciruelo (Pronus Salicina L.) Bajo condiciones de temporal | |
| 260 |
_aMontecillo, Méx. : _bEl autor, _c1989 |
||
| 300 | _a112 h. gráfs. | ||
| 502 | _aTesis (M.C. Esp. en Edafología) C.P. Centro de Edafología | ||
| 590 |
_aALEPH _b10 _c20130110 _lUCH01 _h1346 |
||
| 590 |
_aBATCH-UPD _b10 _c20130109 _lUCH01 _h2310 |
||
| 590 |
_aBATCH-UPD _b10 _c20130110 _lUCH01 _h2034 |
||
| 590 |
_aCONVERSION _b10 _c20130109 _lUCH01 _h1334 |
||
| 650 | 1 | 4 |
_aArboles frutales _xElementos minerales. _96673 |
| 650 | 1 | 4 |
_aCiruela. _923398 |
| 650 | 1 | 4 |
_aCiruela _xHojas. _923414 |
| 650 | 1 | 4 |
_aCiruela _xPoda. _923423 |
| 650 | 1 | 4 |
_aCultivos asociados. _930370 |
| 901 | _aBK | ||
| 949 |
_bS _cTES _d-1359 _eTS1 _i69188 _si |
||
| 999 |
_c63112 _d63112 |
||